000 00699cam a22002293a 4500
001 25371
003 PGUSA
005 20140828083539.0
008 080507s2008||||xxu|||||s|||||000 | eng d
040 _aPGUSA
_beng
042 _adc
050 4 _aDL
100 1 _aTaylor, Bayard,
_d1825-1878
245 1 0 _aNorthern Travel :
_bSummer and Winter Pictures of Sweden, Denmark and Lapland
_h[electronic resource] /
_cBayard Taylor
260 _bProject Gutenberg,
_c2008
506 _aPublic domain in the USA.
516 _aElectronic text
653 _aScandinavia -- Description and travel
830 0 _aProject Gutenberg
_v25371
856 4 0 _uhttp://www.gutenberg.org/ebooks/25371
942 _cEB
999 _c254626
_d254626